Catálogo
 En Linea
Vista normal Vista MARC

Entrada Nombre personal

Número de registros utilizados en: 2

001 - NÚMERO DE CONTROL

  • campo de control: 76624

003 - IDENTIFICADOR DEL NÚMERO DE CONTROL

  • campo de control: OSt

005 - FECHA Y HORA DE LA ÚLTIMA TRANSACCIÓN

  • campo de control: 20200914094125.0

008 - DATOS DE LONGITUD FIJA

  • campo de control de longitud fija: 200914|| aca||aabn | a|a d

040 ## - FUENTE DE LA CATALOGACIÓN

  • Centro catalogador/agencia de origen: OSt
  • Centro/agencia transcriptor: OSt

100 ## - ENCABEZAMIENTO-NOMBRE DE PERSONA

  • Nombre de persona: Ana María Cabrera Videla

670 ## - FUENTE DE DATOS ENCONTRADOS

  • Cita de la fuente: Work cat.: (OSt)47391: Colombia. Ministerio de la Proteccion Social. 76623, Guía de atención integral basada en la evidencia para neumoconiosis (silicosis, neumoconiosis del minero de carbón y asbestosis) /, 2007.

Con tecnología Koha